00393nam a2200145Ia 4500008004100000020001500041041000800056082001700064100001700081245006300098250000600161260005300167300001200220650001500232210716s2005 xx 000 0 und d a8120327888 aeng a004.694 JOSP aJoseph, P T. aE-commerce: an indian perspective.bAn indian perspective. a2 aNew DelhibPrentice Hall of India PVt Ltd.c2005 axiv,490 aE-Commerce